000 01288nam a2200289 i 4500
003 DO-SdBNP
005 20250502073820.0
007 ta
008 201113e1982 dr 982 00| 0espa|d
040 _aDO-SdBNP
_bspa
_cBNPHU
_erda
082 4 _axx
_bN964
_222
100 1 _aNúñez de Cáceres, José,
_d1772-1846
_eautor
_913255
_4aut.
245 1 3 _aLa independencia efímera /
_cJosé Nuñez de Cáceres ; compilador Raymundo Amaro Guzmán.
246 1 0 _aLa independencia efímera 1821.
264 _aSanto Domingo :
_bOficina Nacional de Administración y Personal (ONAP),
_c1982.
300 _aix, 34 páginas ;
_c21 cm.
336 _atexto
_btxt
_2rdacontent
337 _asin mediación
_bn
_2rdamedia
338 _avolumen
_bnc
_2rdacarrier
490 _aDocumentos Históricos
_v1
505 0 _aPresentación --
_tJosé Núñez de Cáceres --
_tDiscurso a Boyer --
_tParalelo entre Núñez de Cáceres y Juan Pablo Duarte /
_rJosé Ramón López --
_tLa primera independencia dominicana /
_rDr. Julio Campillo Pérez --
_tActa Constitutiva de 1821.
590 _aInventariado, 2020 /LP
700 1 _aAmaro Guzmán, Raymundo
_ecompilador
_9656
_4comp.
710 1 _aRepública Dominicana.
_bOficina Nacional de Administración y Personal
_926398
910 _aLPerez
942 _2ddc
_cLF2
999 _c49128
_d49128